BIBLIOTECA PODER JUDICIAL
Portal Judicial TDF

Comisiones médicas y acceso a la justica laboral / (Registro nro. 6394)

000 -LEADER
fixed length control field 01608nab a22002417a 4500
003 - CONTROL NUMBER IDENTIFIER
control field OSt
005 - DATE AND TIME OF LATEST TRANSACTION
control field 20260201173820.0
008 - FIXED-LENGTH DATA ELEMENTS--GENERAL INFORMATION
fixed length control field 190506c xxu||||| |||| 00| 0 spa d
040 ## - CATALOGING SOURCE
Transcribing agency PJ
100 ## - MAIN ENTRY--PERSONAL NAME
9 (RLIN) 7033
Personal name Lavignolle, Analía Soledad
245 10 - TITLE STATEMENT
Title Comisiones médicas y acceso a la justica laboral /
Statement of responsibility, etc Analía Soledad Lavignolle.
260 ## - PUBLICATION, DISTRIBUTION, ETC. (IMPRINT)
Place of publication, distribution, etc Buenos Aires :
Name of publisher, distributor, etc AbeledoPerrot,
Date of publication, distribution, etc 2023.
300 ## - PHYSICAL DESCRIPTION
Extent p. 3-10
500 ## - GENERAL NOTE
General note Cita: TR LALEY AR/DOC/2205/2023
505 ## - FORMATTED CONTENTS NOTE
Formatted contents note Sumario: I. Introducción.— II. El acceso a la justicia por agotamiento de la instancia administrativa: rechazo.— III. Acceso a la justicia por la vía recursiva.— IV. Sistema de homologación.— V. El silencio administrativo.— VI. Acto definitivo de la Comisión Médica Central.— VII. Acceso a la justicia: el art. 2° inc. j) de la ley 15.057. Ley provincial.— VIII. La declaración de inconstitucionalidad de la ley 27.348: arts. 1° y 2°.— IX. El fallo "Marchetti, Jorge Gabriel c. Fiscalía de Estado de la Provincia de Buenos Aires".— X. El trabajador no registrado.— XI. La constitucionalidad de las resoluciones de las comisiones médicas.— XII. Conclusión.— XIII. Bibliografía.
505 ## - FORMATTED CONTENTS NOTE
Title ¿Te interesa el texto completo? Comunicate al correo: koha@justierradelfuego.gov.ar
650 #0 - SUBJECT ADDED ENTRY--TOPICAL TERM
9 (RLIN) 1316
Topical term or geographic name as entry element DERECHO LABORAL
650 #0 - SUBJECT ADDED ENTRY--TOPICAL TERM
9 (RLIN) 4942
Topical term or geographic name as entry element COMISIONES MÉDICAS
650 #0 - SUBJECT ADDED ENTRY--TOPICAL TERM
9 (RLIN) 1570
Topical term or geographic name as entry element DERECHOS DEL TRABAJADOR
650 #0 - SUBJECT ADDED ENTRY--TOPICAL TERM
9 (RLIN) 1417
Topical term or geographic name as entry element ACCIDENTES DE TRABAJO
773 0# - HOST ITEM ENTRY
Host Biblionumber 2751
Host Itemnumber 3202
Place, publisher, and date of publication Buenos Aires : AbeledoPerrot, 2013-
Title Revista de derecho laboral y seguridad social. Nº 20 - Octubre 2023
942 ## - ADDED ENTRY ELEMENTS (KOHA)
Source of classification or shelving scheme
Koha item type Analítica Artículo de Revista

No hay ítems disponibles.

12 de Octubre 789 Ushuaia - Tel:  54(02901)441571
Horario de Atención: 8.00 a 17.00 hs. 
bibliotecaush@justierradelfuego.gov.ar
koha@justierradelfuego.gov.ar
Seguinos en nuestras redes @bibliojustdf 

Con tecnología Koha